| 000 | 01734nam0a2200337 4500 | ||
|---|---|---|---|
| 001 | RU\NLR\bibl\1176692 | ||
| 005 | 20260405145402.0 | ||
| 010 |
_a5-7029-0321-8 _9300 |
||
| 021 |
_aRU _b2007-82001 _94421 |
||
| 035 | _a(nilc)EL/0000152581 | ||
| 035 | _aRSL-KNO-003357843 | ||
| 035 | _a(NLR Aleph) 001163336 | ||
| 090 |
_a1551418 _c1551418 |
||
| 100 | _a20071107d2007 |||y0rusy50 ca | ||
| 101 | 0 | _arus | |
| 102 | _aRU | ||
| 105 | _aa ||||||||| | ||
| 200 | 1 |
_aИсследование, анализ, управление рисками услуг субъектов малого бизнеса в сфере туризма _e(на примере Удмуртской Республики) _eмонография _fА.В. Тихонова _gМ-во образования и науки Рос. Федерации, Федерал. агентство по образованию, Вят. гос. гуманит. ун-т, фил. в г. Ижевске |
|
| 210 |
_aЕкатеринбург _aИжевск _cИзд-во Института экономики УрО РАН _d2007 |
||
| 215 |
_a140 с. _cил. _d20 |
||
| 320 | _aБиблиогр.: с. 131-140 (158 назв.) | ||
| 606 | 1 |
_aТуристские учреждения _yУдмуртская Республика _92500675 _3RU\NLR\auth\661483182 |
|
| 686 |
_aЧ518.14(2Р-6У)7-17,0 _2rubbk |
||
| 686 | _aЧ518.14(2Р-6У)к | ||
| 700 | 1 |
_4070 _7ca _8rus _aТихонова _bА. В. _cканд. экон. наук _gАнна Владимировна _943747 _3RU\NLR\auth\7760817 |
|
| 801 | 0 |
_aRU _bНБР Удмуртия _c20071107 _grcr |
|
| 801 | 1 |
_aRU _bНБР Удмуртия _c20071107 |
|
| 801 | 2 |
_aRU _bNLR _c20080117 _grcr |
|
| 942 | _cBOOK | ||
| 980 | _aNB | ||